Statistics for Difficult Harry Potter Trivia

Click here to take the quiz!

General Stats

  • This quiz has been taken 99 times
  • The average score is 7 of 15

Answer Stats

QuestionsAnswer% Correct
What fruit must one tickle in order to gain access to the kitchens in Hogwarts?Pear
95%
In what year did Lily and James Potter die?1981
80%
What is the name of Hepzibah Smith's House-elf?Hokey
72%
What does the spell "Aguamenti" do?makes water
69%
Dumbledore has a scar above his left knee that is a perfect map of what?The London Underground
56%
For Harry's 17th Birthday, what colour did Hermione turn the leaves of the Weasley's crab-apple tree?Gold
52%
What is Nearly-Headless Nick's full name?Sir Nicholas de Mimsy-Porpington
52%
How many staircases does Hogwarts have?142
45%
What is the name of the Apparition instructor who comes to Hogwarts in Harry's 6th year?Wilkie Twycross
37%
How old was Nicolas Flamel when he decided to destroy the philosopher's/sorceror's stone?665
36%
What is the title of the first chapter of "The Chamber of Secrets"?The Worst Birthday
36%
What was the final score of the 422nd Quidditch World Cup Final?170-160
33%
What form did Hermione's boggart take?Professor Mcgonagall telling her she'd failed her exams
31%
Where did Fred Weasley die?Outside the Room of Requirement
17%
Where did Albus Dumbledore live before Godric's Hollow?Mould-on-the-Wold
9%

Score Distribution

Percentile by Number Answered

Percent of People with Each Score

Your Score History

You have not taken this quiz